Khảo sát tỷ lệ thích hợp gạo lứt tím than và lúa mì ở hai nguồn ánh sáng khác nhau trong nuôi cấy nâm (cordyceps militaris) : Luận văn tốt nghiệp cao học ngành Công nghệ Sinh học

Nội dung luận văn giới thiệu cơ sở lý luận và phương pháp nghiên cứu. Khảo sát tỷ lệ thích hợp gạo lứt tím than và lúa mì ở hai nguồn ánh sáng khác nhau trong nuôi cấy nâm (cordyceps militaris). Kết luận và kiến nghị....

Descrición completa

Gardado en:
Detalles Bibliográficos
Autor Principal: Võ, Hoàng Đăng Thi
Formato: Libro
Idioma:Undetermined
Publicado: Cần Thơ Trường Đại học Cần Thơ 2018
Những chủ đề:
Các nhãn: Engadir etiqueta
Sen Etiquetas, Sexa o primeiro en etiquetar este rexistro!
Thư viện lưu trữ: Trung tâm Học liệu Trường Đại học Cần Thơ
LEADER 01170nam a2200205Ia 4500
001 CTU_227437
008 210402s9999 xx 000 0 und d
082 |a 660.63 
082 |b Th300 
100 |a Võ, Hoàng Đăng Thi 
245 0 |a Khảo sát tỷ lệ thích hợp gạo lứt tím than và lúa mì ở hai nguồn ánh sáng khác nhau trong nuôi cấy nâm (cordyceps militaris) : 
245 0 |b Luận văn tốt nghiệp cao học ngành Công nghệ Sinh học 
245 0 |c Võ Hoàng Đăng Thi ; Trần Nhân Dũng (cán bộ hướng dẫn) 
260 |a Cần Thơ 
260 |b Trường Đại học Cần Thơ 
260 |c 2018 
520 |a Nội dung luận văn giới thiệu cơ sở lý luận và phương pháp nghiên cứu. Khảo sát tỷ lệ thích hợp gạo lứt tím than và lúa mì ở hai nguồn ánh sáng khác nhau trong nuôi cấy nâm (cordyceps militaris). Kết luận và kiến nghị. 
650 |a Enzymes,Enzymes 
910 |b dqhieu 
980 |a Trung tâm Học liệu Trường Đại học Cần Thơ